Most Obscure Countries Quiz - Statistics

General Stats
  • This quiz has been taken 1,374 times
  • The average score is 25 of 40
Answer Stats
% Answer % Correct
19 Tuvalu
79%
23 Saint Kitts and Nevis
78%
17 Nauru
77%
20 Marshall Islands
76%
18 Palau
76%
21 Vanuatu
75%
18 Kiribati
74%
23 Saint Lucia
74%
19 Saint Vincent and the Grenadines
74%
22 Solomon Islands
74%
24 Tonga
74%
25 Federated States of Micronesia
73%
17 São Tomé and Príncipe
72%
18 Comoros
71%
25 Seychelles
71%
22 East Timor
70%
25 Samoa
70%
23 Cape Verde
67%
24 Brunei
66%
26 Mauritius
66%
22 Antigua and Barbuda
64%
20 Grenada
63%
23 Burundi
59%
23 Equatorial Guinea
59%
25 Djibouti
58%
21 Guinea-Bissau
58%
28 Maldives
58%
27 Benin
55%
28 San Marino
55%
30 Tajikistan
55%
30 Barbados
54%
28 Kyrgyzstan
54%
27 Bahrain
53%
26 Gambia
52%
24 Burkina Faso
47%
28 Malawi
45%
28 Mauritania
45%
25 Gabon
44%
30 Kosovo
43%
29 Sierra Leone
41%
No matching quizzes found
Score Distribution
Percent of People with Each Score
Percentile by Number Answered
Your Score History
You have not taken this quiz